Vật lí đại cương Dùng cho các trường Đại học khối kỹ thuật công nghiệp Tập 3, phần 1 Quang học, Vật lí nguyên tử và hạt nhân

Bewaard in:
Bibliografische gegevens
Hoofdauteur: Lương, Duyên bình (chủ biên)
Formaat: Boek
Gepubliceerd in: Hà Nội Giáo Dục 2008
Editie:Tái bản lần thứ mười lăm
Onderwerpen:
Tags: Voeg label toe
Geen labels, Wees de eerste die dit record labelt!
Thư viện lưu trữ: Trung tâm Học liệu Lê Vũ Hùng, Trường Đại học Đồng Tháp
LEADER 01019pam a22002778a 4500
001 00037457
005 20171026081025.0
008 170512s2008 ||||||Viesd
020 |c 15000 
041 0 # |a Vie 
082 1 # |a 530  |b V124L 
100 1 # |a Lương, Duyên bình  |e chủ biên 
245 0 0 |a Vật lí đại cương  |c Lương Duyên Bình  |n Tập 3, phần 1  |p Quang học, Vật lí nguyên tử và hạt nhân  |b Dùng cho các trường Đại học khối kỹ thuật công nghiệp 
250 # # |a Tái bản lần thứ mười lăm 
260 # # |a Hà Nội  |b Giáo Dục  |c 2008 
300 # # |a 247 tr.  |c 21cm. 
653 # # |a hạt nhân 
653 # # |a vật lí đại cương 
653 # # |a vật lí 
653 # # |a quang học 
653 # # |a nguyên tử 
852 # # |j KGT.0052628 
852 # # |b Kho mượn  |j KGT.0052628 
910 # # |d 12/05/2017 
980 # # |a Trung tâm Học liệu Lê Vũ Hùng, Trường Đại học Đồng Tháp